Kiên nhẫn và yêu thương Les petites victoires :Câu chuyện xúc động về người cha và người con tự kỷ
Truyện tranh
Guardado en:
| Autor principal: | |
|---|---|
| Formato: | Libro |
| Lenguaje: | Undetermined |
| Publicado: |
Tp. Hồ Chí Minh
Tổng hợp Tp. Hồ Chí Minh; Công ty Văn hóa Sáng tạo Trí Việt
2018
|
| Materias: | |
| Acceso en línea: | http://lrc.tdmu.edu.vn/opac/search/detail.asp?aID=2&ID=37183 |
| Etiquetas: |
Agregar Etiqueta
Sin Etiquetas, Sea el primero en etiquetar este registro!
|
| Thư viện lưu trữ: | Trung tâm Học liệu Trường Đại học Thủ Dầu Một |
|---|
| LEADER | 00905nam a2200217Ia 4500 | ||
|---|---|---|---|
| 001 | TDMU_37183 | ||
| 008 | 210410s9999 xx 000 0 und d | ||
| 082 | |a 650.1 | ||
| 090 | |b R435 | ||
| 100 | |a Roy, Yvon | ||
| 245 | 0 | |a Kiên nhẫn và yêu thương | |
| 245 | 0 | |b Les petites victoires :Câu chuyện xúc động về người cha và người con tự kỷ | |
| 245 | 0 | |c Yvon Roy ; Nguyên Thảo (biên dịch) ; Lê Minh Khôi (h.đ.) | |
| 260 | |a Tp. Hồ Chí Minh | ||
| 260 | |b Tổng hợp Tp. Hồ Chí Minh; Công ty Văn hóa Sáng tạo Trí Việt | ||
| 260 | |c 2018 | ||
| 300 | |a 159tr. | ||
| 520 | |a Truyện tranh | ||
| 650 | |a Giáo dục gia đình |x Bệnh tự kỉ |x Chăm sóc | ||
| 856 | |u http://lrc.tdmu.edu.vn/opac/search/detail.asp?aID=2&ID=37183 | ||
| 980 | |a Trung tâm Học liệu Trường Đại học Thủ Dầu Một | ||